Identification guide to North American birds / (Registro nro. 3442)
[ vista simple ]
| 000 -CABECERA | |
|---|---|
| Campo de control | 00969cam a2200265 a 4500 |
| 005 - FECHA Y HORA DE LA ULTIMA TRANSACCION | |
| Campo de control | 20161220091305.0 |
| 008 - ELEMENTOS DE LONGITUD FIJA—INFORMACION GENERAL | |
| Campo de control | 970821m19979999caua b 001 0 eng |
| 020 ## - ISBN | |
| ISBN | 0961894024 (pbk.) |
| 040 ## - FUENTE DE CATALOGACIÓN | |
| Agencia catalogadora original | DLC |
| Agencia transcriptora | DLC |
| Agencia Modificadora | CO-BoIAVH |
| 041 0# - IDIOMA | |
| Código de idioma para texto/pista de sonido o título separado | Inglés |
| 044 ## - PAÍS DE PUBLICACIÓN | |
| País de publicación | Estados Unidos |
| 082 04 - NUMERO DE CLASIFICACION DECIMAL DEWEY | |
| Número de clasificación | 598.097 |
| Número del ítem | P99i |
| 100 1# - ASIENTO PRINCIPAL--NOMBRE PERSONAL | |
| Nombre personal | Pyle, Peter |
| Fechas asociadas con el nombre | 1957- |
| Término relacionado | autor |
| 9 (RLIN) | 78016 |
| 245 10 - MENCION DE TITULO | |
| Título | Identification guide to North American birds / |
| Mención de responsabilidad | Peter Pyle |
| 260 ## - PUBLICACION, DISTRIBUCION, ETC. (PIE DE IMPRENTA) | |
| Lugar de publicación, distribución, etc. | Bolinas (California, EE. UU.) : |
| Nombre del editor, distribuidor, etc. | Slate Creek Press, |
| Fecha de publicación, distribución, etc. | 1997- |
| 300 ## - DESCRIPCION FISICA | |
| Extensión | 732 páginas : |
| Otros detalles físicos | ilustraciones ; |
| Dimensiones | 24 x 15 cm. |
| 500 ## - NOTA GENERAL | |
| Nota general | Incluye índice. |
| 504 ## - NOTA DE BIBLIOGRAFIA, ETC. | |
| Nota de bibliografía | Incluye referencias bibliográficas: páginas 692-723. |
| 505 0# - NOTA DE CONTENIDO | |
| Nota de contenido | Parte 1. Columbidae to Ploceidae |
| 650 16 - ASIENTO SECUNDARIO DE MATERIA - TERMINO TEMATICO | |
| Término temático o nombre geográfico como elemento de entrada | Aves |
| Subdivisión geográfica | América del Norte |
| Subdivisión de forma | Identificación |
| 9 (RLIN) | 78017 |
| 650 26 - ASIENTO SECUNDARIO DE MATERIA - TERMINO TEMATICO | |
| Término temático o nombre geográfico como elemento de entrada | Aves |
| Subdivisión general | Taxonomía |
| Subdivisión geográfica | América del Norte |
| Subdivisión de forma | Guías |
| 9 (RLIN) | 78018 |
| 650 26 - ASIENTO SECUNDARIO DE MATERIA - TERMINO TEMATICO | |
| Término temático o nombre geográfico como elemento de entrada | Aves |
| Subdivisión general | Especies |
| Subdivisión geográfica | América del Norte |
| Subdivisión de forma | Guías |
| 9 (RLIN) | 78019 |
| 700 1# - ASIENTO SECUNDARIO - NOMBRE PERSONAL | |
| Nombre personal | Howell, Steve N. G. |
| Término de relación | ilustrador |
| 9 (RLIN) | 78015 |
| 942 ## - ELEMENTOS ADICIONALES (KOHA) | |
| Sistema de clasificación | Dewey Decimal Classification |
| Tipo de ítem | Libro |
| Withdrawn status | Lost status | Sistema de Clasificación | Damaged status | No para préstamo | Colección | Inventariado | Ubicación Permanente | Ubicación actual | Fecha de adquisición | Fuente de Valor | Valor | Total Checkouts | Número topográfico | Inventario / Código de Barras | Date last seen | Ejemplar | Price effective from | Forma de adquisición | Tipo de material |
|---|---|---|---|---|---|---|---|---|---|---|---|---|---|---|---|---|---|---|---|
| Dewey Decimal Classification | General | Inventariado 2017 | Sala Fabio Quevedo | Sala Fabio Quevedo | 16/06/2003 | Instituto | 39000.00 | LB-598.097 P99i | 003533 | 04/12/2012 | Ej. 1 | 04/12/2012 | Compra | Libro |